000 00650nam a2200253Ia 4500
005 20250425162452.0
008 250425s9999 xx 000 0 und d
020 _a842000989X
041 _aspa
043 _asp
082 _a664.028
100 _aRAHMAN, M. SHAFIUR
245 0 _aMANUAL DE CONSERVACION DE LOS ALIMENTOS
250 _aS.E.
260 _aEspaña
_bACRIBIA
_c2003
260 _aZARAGOZA
300 _a863
500 _aTítulo Traducido: HANDBOOK OF FOOD PRESERVATION
650 _aCONSERVACION DE ALIMENTOS
650 _aINGENIERIA-MANUALES
650 _aTECNICAS DE CONSERVACION
942 _c01
010 _a76372
999 _c229885
_d229885